000 00764cab a2200241 4500
001 ABS53875
008 090401t1995 xxu||||| |||| 00| 0 eng d
035 _a(Sirsi) u7083
041 _aeng
100 _aBingham, T.
245 _aShare the profits of trust...but don`t trust too much
260 _c1995
350 _a0
490 _aBuilding
_v260(7918) 24 November 1995, 38-39(2)
520 _aExamines what is the essence of partnering and then considers formal agreements, partnering arrangements, and the avoidance and consequences of `divorce`.
650 _aContracts
_96232
650 _aPARTNERING
650 _aRESTRICTIVE TRADE PRACTICES ACT 1976
690 _aBUILT ENVIRONMENT
700 _aHill, C.
942 _n0
948 _c04/03/1997
999 _c4226
_d4226